[Event "V Floripa Chess Open 2019"]
[Site "Florianopolis/SC"]
[Date "2019.01.24"]
[Round "5.41"]
[White "Hopka, Matheus Marchesi"]
[Black "Pirola, Claudionor Alcides "]
[Result "1-0"]
[WhiteElo "1933"]
[BlackElo "2130"]
[PlyCount "105"]
[EventDate "2019.01.21"]
[EventRounds "10"]
[EventCountry "BRA"]

1. d4 Nf6 2. Bg5 c5 3. Bxf6 gxf6 4. Nf3 cxd4 5. Nxd4 Nc6 6. e3 d5 7. c4 Nxd4 8. Qxd4 Be6 9. cxd5 Qxd5 10. Qxd5 Bxd5 11. Bb5+ Bc6 12. Bxc6+ bxc6 13. Nd2 e6 14. Rc1 Kd7 15. Ne4 f5 16. Nc5+ Bxc5 17. Rxc5 Rab8 18. Rc2 Rb5 19. Ke2 Rhb8 20. Rd2+ Rd5 21. Rc2 Rb6 22. b3 Ra5 23. Rd1+ Rd5 24. Rdc1 Ra5 25. Rd1+ Ke7 26. Rd4 Ra3 27. Kd1 Rba6 28. Rdd2 R3a5 29. Kc1 Rd5 30. Kb2 Rxd2 31. Rxd2 e5 32. Rc2 Rb6 33. Rc4 h6 34. Kc3 Kd7 35. b4 Rb8 36. Rc5 Rb5 37. Kc4 Rxc5+ 38. Kxc5 Kc7 39. f3 h5 40. h4 Kd7 41. f4 f6 42. a3 Kc7 43. a4 Kd7 44. b5 cxb5 45. Kxb5 exf4 46. exf4 Kc7 47. Kc5 Kb7 48. Kd6 Kb6 49. Ke6 Ka5 50. Kxf6 Kxa4 51. Kxf5 Kb5 52. Kg5 Kc6 53. f5 1-0

[Event "V Floripa Chess Open 2019"]
[Site "Florianopolis/SC"]
[Date "2019.01.24"]
[Round "5.42"]
[White "Dos Santos Junior, Haroldo Cunha"]
[Black "Maiberg, Wellington Gubiani"]
[Result "1-0"]
[WhiteElo "2129"]
[BlackElo "1935"]
[PlyCount "51"]
[EventDate "2019.01.21"]
[EventRounds "10"]
[EventCountry "BRA"]

1. d4 d5 2. Nf3 e6 3. Bf4 c5 4. e3 Nc6 5. c3 Be7 6. Nbd2 g5 7. Bg3 cxd4 8. exd4 h5 9. h4 g4 10. Ng1 Bd6 11. Bd3 Bxg3 12. fxg3 Qc7 13. Ne2 e5 14. dxe5 Qxe5 15. Qa4 Nge7 16. Qf4 Nf5 17. Bxf5 Bxf5 18. O-O Bg6 19. Nb3 O-O-O 20. Ned4 Rhe8 21. Nxc6 bxc6 22. Qa4 Qc7 23. Rf6 Qxg3 24. Qxc6+ Kb8 25. Nc5 Re7 26. Na6# 1-0

[Event "V Floripa Chess Open 2019"]
[Site "Florianopolis/SC"]
[Date "2019.01.24"]
[Round "5.43"]
[White "Silva Junior, Marcelo Valeriano"]
[Black "Fabrega, Enrique"]
[Result "0-1"]
[WhiteElo "1891"]
[BlackElo "2125"]
[PlyCount "128"]
[EventDate "2019.01.21"]
[EventRounds "10"]
[EventCountry "BRA"]

1. e4 e5 2. Bc4 Qh4 3. Qe2 Nf6 4. Nc3 Be7 5. Nf3 Qh5 6. d3 d6 7. h3 Nc6 8. O-O O-O 9. Be3 h6 10. a3 a6 11. Rad1 Be6 12. d4 exd4 13. Nxd4 Nxd4 14. Bxd4 Qxe2 15. Bxe2 Rad8 16. f4 Bc8 17. Rd3 b5 18. Rg3 c5 19. Be3 b4 20. axb4 cxb4 21. Nd5 Nxd5 22. exd5 Bf6 23. b3 Rfe8 24. Bc4 Rxe3 25. Rxe3 Bd4 26. Rfe1 a5 27. Kf2 Bf5 28. Kf3 Bxe3 29. Rxe3 Kf8 30. Bd3 Bxd3 31. Rxd3 Rc8 32. Rd2 Rc5 33. Ke4 Ke7 34. Kd4 Kf6 35. g4 Rc3 36. Rh2 g6 37. Ke4 Rg3 38. Rh1 Rg2 39. Kd3 h5 40. gxh5 gxh5 41. Ra1 Rg3+ 42. Ke4 Rxh3 43. Rxa5 Rc3 44. Ra6 Ke7 45. Kf5 Rg3 46. Ra7+ Kf8 47. Ra1 h4 48. Rh1 h3 49. Kf6 Rg6+ 50. Kf5 Rg3 51. Ke4 Kg7 52. Kd4 Rc3 53. Ke4 Kf6 54. Rh2 Kg6 55. f5+ Kg5 56. Rh1 Kg4 57. Rg1+ Rg3 58. Rh1 Rg2 59. c4 bxc3 60. Kd3 c2 61. b4 h2 62. b5 Rg1 63. Kxc2 Rxh1 64. b6 Rc1+ 0-1

[Event "V Floripa Chess Open 2019"]
[Site "Florianopolis/SC"]
[Date "2019.01.24"]
[Round "5.44"]
[White "Franca Junior, Jairo"]
[Black "Carstens Dobuchak, Thiago"]
[Result "1/2-1/2"]
[WhiteElo "1816"]
[BlackElo "2121"]
[PlyCount "85"]
[EventDate "2019.01.21"]
[EventRounds "10"]
[EventCountry "BRA"]

1. e4 c5 2. Nf3 d6 3. d4 cxd4 4. Nxd4 Nf6 5. Nc3 a6 6. Be2 e5 7. Nb3 Be7 8. Bg5 O-O 9. O-O b5 10. Bxf6 Bxf6 11. Nd5 Bg5 12. a4 bxa4 13. Rxa4 Bd7 14. Ra3 g6 15. Nd2 Ra7 16. Nc4 Bc6 17. f3 f5 18. exf5 gxf5 19. f4 Bh6 20. Rg3+ Rg7 21. Rxg7+ Bxg7 22. Nce3 Kh8 23. Kh1 Bb7 24. c3 Qa5 25. fxe5 dxe5 26. Qb3 Bxd5 27. Qxd5 Qxd5 28. Nxd5 e4 29. Kg1 Be5 30. g3 Bd6 31. Kg2 Kg7 32. Ra1 Bc5 33. Bxa6 Rd8 34. Bc4 Nc6 35. b4 Ne5 36. Bb3 Rb8 37. Nf4 Be3 38. Ra6 Bd2 39. Ra7+ Kf6 40. Nd5+ Kg6 41. Ra6+ Kg7 42. Ra7+ Kg6 43. Ra6+ 1/2-1/2

[Event "V Floripa Chess Open 2019"]
[Site "Florianopolis/SC"]
[Date "2019.01.24"]
[Round "5.45"]
[White "Poeta, Caio Medeiros"]
[Black "De Oliveira, Guilherme Alfredo B"]
[Result "1-0"]
[WhiteElo "2110"]
[BlackElo "1893"]
[PlyCount "73"]
[EventDate "2019.01.21"]
[EventRounds "10"]
[EventCountry "BRA"]

1. d4 Nf6 2. c4 e6 3. g3 Bb4+ 4. Nd2 O-O 5. Bg2 d5 6. Ngf3 Nc6 7. Qc2 Ne4 8. O-O f5 9. c5 Bxd2 10. Bxd2 Qf6 11. Bc3 g5 12. Ne5 Nxe5 13. dxe5 Qe7 14. Bd4 g4 15. f3 gxf3 16. exf3 Ng5 17. f4 Ne4 18. Bxe4 fxe4 19. b4 c6 20. a4 Bd7 21. g4 Rf7 22. Qg2 Rg7 23. Ra3 Qh4 24. Rh3 Qe7 25. Rg3 Rf8 26. Qh3 Qf7 27. f5 Kh8 28. Rf2 Rfg8 29. fxe6 Qxe6 30. Rf6 Qxg4 31. Rxg4 Bxg4 32. Qh6 Bh3+ 33. Kf2 Rg2+ 34. Ke1 Rxh2 35. Rf8 Rh1+ 36. Kd2 Rh2+ 37. Kc3 1-0

[Event "V Floripa Chess Open 2019"]
[Site "Florianopolis/SC"]
[Date "2019.01.24"]
[Round "5.46"]
[White "Mileski, Lucas De Souza"]
[Black "Frois, Vitor Amorim"]
[Result "0-1"]
[WhiteElo "1774"]
[BlackElo "2109"]
[PlyCount "140"]
[EventDate "2019.01.21"]
[EventRounds "10"]
[EventCountry "BRA"]

1. d4 Nf6 2. Nf3 g6 3. g3 Bg7 4. Bg2 O-O 5. O-O d6 6. c4 Nbd7 7. Nc3 e5 8. e4 c6 9. h3 Qc7 10. Be3 Re8 11. Qc2 a6 12. a4 a5 13. Rad1 exd4 14. Nxd4 Nc5 15. Nde2 Be6 16. b3 Rad8 17. e5 Bf5 18. exd6 Rxd6 19. Qa2 Rxd1 20. Rxd1 Nfe4 21. Nxe4 Nxe4 22. g4 Bc8 23. Bxe4 Rxe4 24. Qd2 Re8 25. Ng3 Be6 26. f4 b5 27. Qf2 bxc4 28. Bb6 Qb8 29. bxc4 Bxc4 30. Bxa5 Qb3 31. Re1 Rxe1+ 32. Bxe1 Qxa4 33. Qd2 Bd5 34. Bf2 Qb3 35. Qe3 Qxe3 36. Bxe3 Kf8 37. Kf2 Ke7 38. Bc5+ Kd7 39. h4 Bf8 40. g5 Be7 41. Bxe7 Kxe7 42. Ke3 Kd6 43. h5 Kc5 44. f5 Kd6 45. Kf4 c5 46. fxg6 fxg6 47. h6 Ke6 48. Ne2 Bb3 49. Nc3 Bc2 50. Nb5 Bb3 51. Nc7+ Kd7 52. Nb5 Ba4 53. Nc3 Bc6 54. Ke5 Ke7 55. Ne2 Bf3 56. Nf4 c4 57. Nxg6+ Kf7 58. Nf4 c3 59. Nd3 c2 60. Kf4 Bh5 61. Nc1 Ke6 62. Ke3 Bg6 63. Kd2 Ke5 64. Ne2 Be4 65. Kc1 Bd3 66. Ng1 Kf4 67. Ne2+ Bxe2 68. g6 Bd3 69. g7 Bc4 70. Kxc2 Kg5 0-1

[Event "V Floripa Chess Open 2019"]
[Site "Florianopolis/SC"]
[Date "2019.01.24"]
[Round "5.47"]
[White "Diaz, Fernando"]
[Black "Teshima, Ricardo Yoshida"]
[Result "1-0"]
[WhiteElo "2095"]
[BlackElo "1879"]
[PlyCount "63"]
[EventDate "2019.01.21"]
[EventRounds "10"]
[EventCountry "BRA"]

1. c4 Nf6 2. Nc3 e6 3. d4 Bb4 4. Qd2 d5 5. a3 Bxc3 6. Qxc3 h6 7. e3 O-O 8. Bd3 Nbd7 9. b4 c6 10. Ne2 Qe7 11. f4 Ne4 12. Qc2 f5 13. O-O Ndf6 14. a4 Bd7 15. b5 Qf7 16. Nc3 Qh5 17. Nxe4 Nxe4 18. Rb1 g5 19. Bxe4 dxe4 20. Ba3 Rf6 21. bxc6 Bxc6 22. d5 exd5 23. Bb2 Rf7 24. Qc3 Kh7 25. cxd5 Bxd5 26. fxg5 Qxg5 27. Rbd1 Bc6 28. a5 Bb5 29. Qb3 Rg7 30. Rf2 Rd7 31. Rxd7+ Bxd7 32. Qf7+ 1-0

[Event "V Floripa Chess Open 2019"]
[Site "Florianopolis/SC"]
[Date "2019.01.24"]
[Round "5.48"]
[White "Souza Neves, Andrey M."]
[Black "Gomes, Guilherme Rodrigues"]
[Result "1-0"]
[WhiteElo "2086"]
[BlackElo "1565"]
[PlyCount "45"]
[EventDate "2019.01.21"]
[EventRounds "10"]
[EventCountry "BRA"]

1. d4 Nf6 2. c4 e6 3. Nf3 Bb4+ 4. Nbd2 O-O 5. a3 Be7 6. e4 d6 7. Bd3 Nbd7 8. e5 dxe5 9. dxe5 Ng4 10. O-O Ndxe5 11. Nxe5 Nxe5 12. Bxh7+ Kxh7 13. Qh5+ Kg8 14. Qxe5 b6 15. Ne4 f5 16. Ng3 Bd6 17. Qe2 f4 18. Ne4 f3 19. gxf3 Bxh2+ 20. Kxh2 Qh4+ 21. Kg2 Rxf3 22. Qxf3 Bb7 23. Rh1 1-0

[Event "V Floripa Chess Open 2019"]
[Site "Florianopolis/SC"]
[Date "2019.01.24"]
[Round "5.49"]
[White "Da Silva, Joao Carlos Orguim"]
[Black "Santos Filho, Tadeu Sousa"]
[Result "1-0"]
[WhiteElo "1762"]
[BlackElo "2086"]
[PlyCount "81"]
[EventDate "2019.01.21"]
[EventRounds "10"]
[EventCountry "BRA"]

1. c4 d6 2. d4 Nf6 3. Nc3 g6 4. e4 Bg7 5. h3 O-O 6. Be3 c5 7. d5 Na6 8. Nf3 Nc7 9. Be2 e6 10. Qc2 exd5 11. cxd5 Re8 12. O-O b5 13. Nd2 a6 14. a3 Rb8 15. b4 c4 16. Rad1 Na8 17. Nf3 Qe7 18. Nd4 Bb7 19. Bf3 Nc7 20. Rd2 Nd7 21. Rfd1 Ne5 22. Be2 Red8 23. Bf4 Qd7 24. Nc6 Bxc6 25. dxc6 Qxc6 26. Nd5 Nxd5 27. Rxd5 Rb7 28. Bxe5 Bf8 29. Bf6 Re8 30. Bf3 Qc7 31. Qc3 Re6 32. Re1 Ra7 33. Bd4 Ra8 34. e5 Rae8 35. Re3 Bg7 36. exd6 Bxd4 37. Qxd4 Qd7 38. Rde5 Rd8 39. Rxe6 fxe6 40. Bg4 e5 41. Qd5+ 1-0

[Event "V Floripa Chess Open 2019"]
[Site "Florianopolis/SC"]
[Date "2019.01.24"]
[Round "5.50"]
[White "Soares, Joao Carlos T. C."]
[Black "Woichinevski, Joao Vinicius Peru"]
[Result "0-1"]
[WhiteElo "2077"]
[BlackElo "1528"]
[PlyCount "116"]
[EventDate "2019.01.21"]
[EventRounds "10"]
[EventCountry "BRA"]

1. c4 e6 2. e4 Ne7 3. d4 d5 4. Nc3 Nbc6 5. Nf3 dxe4 6. Nxe4 Nf5 7. Be3 Nxe3 8. fxe3 Bb4+ 9. Ned2 O-O 10. a3 Bxd2+ 11. Qxd2 Re8 12. Be2 b6 13. O-O Bb7 14. b4 Qe7 15. Bd1 Rad8 16. Qf2 Nb8 17. Ba4 Rf8 18. c5 Bxf3 19. Qxf3 e5 20. Qe4 Nd7 21. Bc2 g6 22. Bb3 Nf6 23. Qh4 Nd5 24. Qxe7 Nxe7 25. cxb6 axb6 26. Rad1 exd4 27. Rxd4 Rxd4 28. exd4 Nf5 29. d5 Rd8 30. Rc1 Rd7 31. Kf2 Kg7 32. g4 Nd4 33. Bc4 Re7 34. Rd1 Nc2 35. Rd3 Kf6 36. d6 Rd7 37. Bb5 Rd8 38. Ke2 Ke5 39. Kd2 Nd4 40. Re3+ Kxd6 41. Rd3 Ke7 42. Bc4 Nf3+ 43. Ke3 Rxd3+ 44. Bxd3 Nxh2 45. Kf4 h5 46. gxh5 gxh5 47. Kg5 Nf3+ 48. Kxh5 Kf6 49. Bc4 Ne5 50. Be2 Kf5 51. Bb5 Kf4 52. Kh6 f5 53. Kg7 Ke3 54. Kf6 Kd4 55. Kxf5 Nc4 56. a4 Nd6+ 57. Ke6 Nxb5 58. axb5 Kc4 0-1

[Event "V Floripa Chess Open 2019"]
[Site "Florianopolis/SC"]
[Date "2019.01.24"]
[Round "5.52"]
[White "Moro, Antonio Renato Pere"]
[Black "Menna Barreto, Luiz Ney"]
[Result "1/2-1/2"]
[WhiteElo "1923"]
[BlackElo "2327"]
[PlyCount "59"]
[EventDate "2019.01.21"]
[EventRounds "10"]
[EventCountry "BRA"]

1. d4 Nf6 2. c4 e6 3. a3 d5 4. Nc3 c5 5. Nf3 Nc6 6. cxd5 exd5 7. Bg5 Be6 8. e3 c4 9. Be2 Be7 10. O-O O-O 11. Qc2 a6 12. Rad1 Qc7 13. Bf4 Bd6 14. Bxd6 Qxd6 15. b4 cxb3 16. Qxb3 b5 17. Ra1 Rfb8 18. Rfc1 h6 19. Bd3 b4 20. axb4 Nxb4 21. Qd1 Nxd3 22. Qxd3 a5 23. Ne5 Nd7 24. Nf3 Nf6 25. Na4 Bd7 26. Nc5 Be8 27. Ne5 Rb4 28. Qc3 Qb6 29. h3 Qb5 30. Ned3 1/2-1/2

[Event "V Floripa Chess Open 2019"]
[Site "Florianopolis/SC"]
[Date "2019.01.24"]
[Round "5.53"]
[White "Gauche, Charles"]
[Black "Barrientos, Ernesto"]
[Result "1-0"]
[WhiteElo "2241"]
[BlackElo "1925"]
[PlyCount "119"]
[EventDate "2019.01.21"]
[EventRounds "10"]
[EventCountry "BRA"]

1. e4 c5 2. Nf3 d6 3. d4 cxd4 4. Nxd4 Nf6 5. Nc3 a6 6. Bg5 e6 7. f4 h6 8. Bh4 Be7 9. Bf2 b5 10. a3 Bb7 11. Bd3 Nbd7 12. O-O Qc7 13. Qe2 O-O 14. Rae1 Rfe8 15. e5 dxe5 16. fxe5 Nd5 17. Nxd5 Bxd5 18. Qh5 Nc5 19. Be3 Bf8 20. Rxf7 Re7 21. Rxe7 Bxe7 22. Bg6 Rf8 23. c3 Na4 24. Bb1 Bc5 25. Bc1 Qf7 26. Qxf7+ Kxf7 27. Rf1+ Ke7 28. Rxf8 Kxf8 29. Kf2 Ba7 30. Bc2 Nb6 31. b3 Nd7 32. Bf4 Bb8 33. Nf3 Bxf3 34. Kxf3 Bxe5 35. Bxe5 Nxe5+ 36. Ke4 Nd7 37. b4 Ke7 38. Kd4 Kd6 39. Be4 e5+ 40. Kd3 Nb6 41. Bb7 Nc4 42. Bxa6 Nxa3 43. c4 Nxc4 44. Bxb5 Nb6 45. Bc4 Ke7 46. Bb3 Kd6 47. Ke4 Nd7 48. Kf5 Nf8 49. Bc4 g5 50. g4 Nd7 51. Kg6 Nb6 52. Bd3 Nd5 53. Kxh6 Nxb4 54. Be4 Kc5 55. Kxg5 Kd4 56. Kf5 Na6 57. g5 Nc5 58. g6 Nxe4 59. g7 Nd6+ 60. Ke6 1-0

[Event "V Floripa Chess Open 2019"]
[Site "Florianopolis/SC"]
[Date "2019.01.24"]
[Round "5.54"]
[White "Campelo, Leandro Fabricio"]
[Black "Ferrero, Carlos Federico"]
[Result "1/2-1/2"]
[WhiteElo "2201"]
[BlackElo "1916"]
[PlyCount "44"]
[EventDate "2019.01.21"]
[EventRounds "10"]
[EventCountry "BRA"]

1. e4 e5 2. Nf3 Nf6 3. Nxe5 d6 4. Nf3 Nxe4 5. Nc3 Nxc3 6. dxc3 Be7 7. Be3 O-O 8. Qd2 Nc6 9. Bc4 Ne5 10. Nxe5 dxe5 11. O-O-O Qxd2+ 12. Rxd2 Rd8 13. Rxd8+ Bxd8 14. Rd1 Be7 15. f3 Kf8 16. g4 Bd6 17. Bd5 Ke7 18. c4 c6 19. Bxf7 e4 20. Bg8 h6 21. Bh7 exf3 22. h3 Be6 1/2-1/2

[Event "V Floripa Chess Open 2019"]
[Site "Florianopolis/SC"]
[Date "2019.01.24"]
[Round "5.55"]
[White "Silva, Kaua Marques"]
[Black "Burgos, Marcelo Alves"]
[Result "0-1"]
[WhiteElo "1894"]
[BlackElo "2198"]
[PlyCount "128"]
[EventDate "2019.01.21"]
[EventRounds "10"]
[EventCountry "BRA"]

1. e4 e6 2. d4 d5 3. Nd2 Nf6 4. e5 Nfd7 5. c3 c5 6. Bd3 Nc6 7. Ne2 cxd4 8. cxd4 f6 9. exf6 Nxf6 10. O-O Bd6 11. Nf3 Qc7 12. Bc2 O-O 13. Ng3 Bd7 14. a3 Rac8 15. Bg5 Qb6 16. Qd3 Be8 17. Rac1 Rc7 18. Qe3 Re7 19. Rb1 Qc7 20. Rbc1 h6 21. Bxf6 Rxf6 22. Qc3 Bf4 23. Rcd1 Na5 24. Rfe1 Qxc3 25. bxc3 Rc7 26. Ne2 Bd6 27. Ne5 Nc4 28. Nxc4 Rxc4 29. Rb1 b6 30. Bb3 Rc7 31. a4 g5 32. Rbc1 Kg7 33. f3 Bg6 34. Red1 Ba3 35. Ra1 Bb2 36. Ra2 Bxc3 37. Bc2 Bb4 38. Bxg6 Kxg6 39. Nc1 Rc4 40. Kf2 Rf8 41. Nd3 Bd6 42. Ne5+ Bxe5 43. dxe5 Rfc8 44. Rdd2 h5 45. Rdb2 Kf5 46. a5 bxa5 47. Rxa5 Rc2+ 48. Rxc2 Rxc2+ 49. Kg3 Rc7 50. h4 gxh4+ 51. Kxh4 Rd7 52. Ra1 d4 53. Kg3 Kxe5 54. Ra5+ Rd5 55. Rxa7 d3 56. Ra1 d2 57. Rd1 h4+ 58. Kf2 Kf4 59. Ke2 Kg3 60. Kf1 Rd6 61. Kg1 Rd4 62. Kf1 Rd5 63. Kg1 Re5 64. Kf1 Re1+ 0-1

[Event "V Floripa Chess Open 2019"]
[Site "Florianopolis/SC"]
[Date "2019.01.24"]
[Round "5.56"]
[White "Madeira, Wagner Martins"]
[Black "Torres, Eduardo Lisboa"]
[Result "1-0"]
[WhiteElo "2170"]
[BlackElo "1905"]
[PlyCount "63"]
[EventDate "2019.01.21"]
[EventRounds "10"]
[EventCountry "BRA"]

1. e4 d5 2. exd5 Qxd5 3. Nc3 Qd8 4. g3 c6 5. Bg2 Nf6 6. h3 Bf5 7. Nf3 h6 8. O-O e6 9. d3 Bd6 10. Nd2 Nbd7 11. Nc4 Bc7 12. b3 O-O 13. Ba3 Re8 14. Ne4 Bxe4 15. dxe4 Nb6 16. Nd6 Bxd6 17. Bxd6 e5 18. a4 Nbd5 19. exd5 Qxd6 20. dxc6 Qxd1 21. Raxd1 e4 22. cxb7 Rab8 23. Rfe1 Rxb7 24. Re2 g5 25. Rd6 Kg7 26. Rc6 Rbe7 27. b4 h5 28. b5 h4 29. gxh4 gxh4 30. Rc4 Nd5 31. Rexe4 Rxe4 32. Bxe4 1-0

[Event "V Floripa Chess Open 2019"]
[Site "Florianopolis/SC"]
[Date "2019.01.24"]
[Round "5.57"]
[White "Crul, Otavio Augusto Barr"]
[Black "Caldeira, Adriano"]
[Result "0-1"]
[WhiteElo "1890"]
[BlackElo "2157"]
[PlyCount "60"]
[EventDate "2019.01.21"]
[EventRounds "10"]
[EventCountry "BRA"]

1. e4 c5 2. Nf3 e6 3. d4 cxd4 4. Nxd4 Nf6 5. Nc3 d6 6. Be3 a6 7. Be2 Be7 8. O-O O-O 9. a4 Nc6 10. f4 Qc7 11. Qe1 Nxd4 12. Bxd4 e5 13. fxe5 dxe5 14. Be3 Bc5 15. Qf2 Bxe3 16. Qxe3 Be6 17. Rad1 Rac8 18. Rd2 Qa5 19. Rfd1 Rfd8 20. h3 Rxd2 21. Qxd2 Qb6+ 22. Kh1 Qxb2 23. Bc4 h6 24. Rb1 Qa3 25. Rb3 Qc5 26. Bd5 Nxe4 27. Nxe4 Qxd5 28. Nf6+ gxf6 29. Qxh6 Qd1+ 30. Kh2 Bxb3 0-1

[Event "V Floripa Chess Open 2019"]
[Site "Florianopolis/SC"]
[Date "2019.01.24"]
[Round "5.58"]
[White "Araujo, Everson De Moura"]
[Black "Araujo, Jose Roberto"]
[Result "1-0"]
[WhiteElo "1884"]
[BlackElo "2142"]
[PlyCount "71"]
[EventDate "2019.01.21"]
[EventRounds "10"]
[EventCountry "BRA"]

1. c4 e5 2. Nc3 Nf6 3. g3 d5 4. cxd5 Nxd5 5. Bg2 Nb6 6. Nf3 Nc6 7. O-O Be7 8. d3 O-O 9. Be3 Be6 10. a3 a5 11. Rc1 f5 12. Bxb6 cxb6 13. e3 Bf6 14. Qe2 Qd7 15. Rfd1 Bb3 16. Rd2 Rfe8 17. Bh3 g5 18. Ne4 Bd8 19. Bxf5 Qxf5 20. Nd6 Qe6 21. Nxe8 Qxe8 22. d4 e4 23. Ne5 Nxe5 24. dxe5 Qxe5 25. Qg4 Bf6 26. Rc8+ Rxc8 27. Qxc8+ Kf7 28. Rd7+ Be7 29. Qxb7 b5 30. Rd4 Bc2 31. Qd7 Bd3 32. Rd5 Qxb2 33. Rf5+ Kg6 34. h4 gxh4 35. g4 Qg7 36. Qe8+ 1-0

[Event "V Floripa Chess Open 2019"]
[Site "Florianopolis/SC"]
[Date "2019.01.24"]
[Round "5.59"]
[White "Dias, Joao Batista"]
[Black "Moura, Eduardo Eugenio Cha"]
[Result "0-1"]
[WhiteElo "1873"]
[BlackElo "2134"]
[PlyCount "118"]
[EventDate "2019.01.21"]
[EventRounds "10"]
[EventCountry "BRA"]

1. e4 c5 2. Nf3 g6 3. c3 Bg7 4. Na3 d6 5. Nc2 Nf6 6. d3 O-O 7. Be2 Nc6 8. O-O e5 9. Bg5 h6 10. Bd2 d5 11. exd5 Nxd5 12. Qc1 g5 13. g3 Bh3 14. Re1 Qd7 15. Ne3 Rad8 16. Qc2 b6 17. Nxd5 Qxd5 18. Qb3 Bf5 19. Qa4 Rd6 20. Be3 Rfd8 21. Nd2 Bxd3 22. Bxd3 Qxd3 23. Nc4 R6d7 24. Nxb6 axb6 25. Qxc6 Rd6 26. Qa4 f5 27. f4 gxf4 28. gxf4 Rg6+ 29. Kf2 Bf6 30. fxe5 Rg4 31. Qxg4+ fxg4 32. exf6 Rf8 33. Rad1 Rxf6+ 34. Kg1 Qc4 35. Bf2 Qxa2 36. Bh4 Re6 37. Rd8+ Kg7 38. Red1 Qxb2 39. R1d7+ Kg6 40. Rg8+ Kf5 41. Rf8+ Ke4 42. Bg3 Qxc3 43. Rf4+ Ke3 44. Rf1 Ke2 45. Rdd1 Rc6 46. Rfe1+ Qxe1+ 47. Rxe1+ Kd2 48. Rb1 c4 49. Bf4+ Ke2 50. Rb2+ Kd3 51. Kf2 c3 52. Rb3 Kc2 53. Rb5 Kd1 54. Rb4 Rf6 55. Kg3 Rxf4 56. Kxf4 c2 57. Rd4+ Ke2 58. Rc4 Kd2 59. Rd4+ Kc3 0-1

[Event "V Floripa Chess Open 2019"]
[Site "Florianopolis/SC"]
[Date "2019.01.24"]
[Round "5.60"]
[White "Boabaid, Jorge Alberto Duard"]
[Black "Broday, Geovani Allan"]
[Result "0-1"]
[WhiteElo "1868"]
[BlackElo "2129"]
[PlyCount "72"]
[EventDate "2019.01.21"]
[EventRounds "10"]
[EventCountry "BRA"]

1. e4 c5 2. Nf3 e6 3. d4 cxd4 4. Nxd4 a6 5. Nc3 Qc7 6. Bd3 Nf6 7. O-O Be7 8. f4 d6 9. Kh1 b5 10. Nce2 Bb7 11. Ng3 h5 12. Qf3 Nbd7 13. Nb3 h4 14. Ne2 h3 15. g4 d5 16. Ng3 dxe4 17. Nxe4 Nxg4 18. Qxg4 f5 19. Qxg7 O-O-O 20. Qxe7 fxe4 21. Be2 e3+ 22. Bf3 e2 23. Be3 exf1=Q+ 24. Rxf1 Bxf3+ 25. Rxf3 Qxc2 26. Nd2 Qc6 27. Qa3 Kb7 28. Qc3 Qxc3 29. bxc3 e5 30. Nb3 exf4 31. Na5+ Kc8 32. Rxf4 Rdf8 33. Nb3 Rxf4 34. Bxf4 Rf8 35. Be3 Rf1+ 36. Bg1 Ne5 0-1

[Event "V Floripa Chess Open 2019"]
[Site "Florianopolis/SC"]
[Date "2019.01.24"]
[Round "5.61"]
[White "Osipi, Jair"]
[Black "Kruger, Israel"]
[Result "1/2-1/2"]
[WhiteElo "2126"]
[BlackElo "1890"]
[PlyCount "22"]
[EventDate "2019.01.21"]
[EventRounds "10"]
[EventCountry "BRA"]

1. c4 e5 2. Nc3 Bb4 3. Qc2 d6 4. e3 Bxc3 5. Qxc3 a5 6. d3 Nc6 7. Nf3 f5 8. d4 Qe7 9. b3 exd4 10. Nxd4 Nf6 11. Bd3 O-O 1/2-1/2

[Event "V Floripa Chess Open 2019"]
[Site "Florianopolis/SC"]
[Date "2019.01.24"]
[Round "5.62"]
[White "Lopes Fo, Jorge Antonio Ferre"]
[Black "Bracht, Rainer"]
[Result "1-0"]
[WhiteElo "2122"]
[BlackElo "1878"]
[PlyCount "39"]
[EventDate "2019.01.21"]
[EventRounds "10"]
[EventCountry "BRA"]

1. d4 Nf6 2. c4 e6 3. g3 d5 4. Bg2 Be7 5. Nf3 O-O 6. O-O b6 7. cxd5 exd5 8. Nc3 Bb7 9. Ne5 c6 10. Qa4 Nfd7 11. Nxd7 Nxd7 12. b4 b5 13. Qb3 a5 14. bxa5 Qxa5 15. e4 b4 16. exd5 Ba6 17. Re1 Bf6 18. dxc6 bxc3 19. cxd7 Rab8 20. Qxb8 1-0

[Event "V Floripa Chess Open 2019"]
[Site "Florianopolis/SC"]
[Date "2019.01.24"]
[Round "5.63"]
[White "Kanzler, Karina Daniela Ferr"]
[Black "Heinechen, Juan"]
[Result "0-1"]
[WhiteElo "1856"]
[BlackElo "2105"]
[PlyCount "79"]
[EventDate "2019.01.21"]
[EventRounds "10"]
[EventCountry "BRA"]

1. d4 Nf6 2. c4 e6 3. Nc3 Bb4 4. Bg5 h6 5. Bh4 b6 6. a3 Bxc3+ 7. bxc3 d6 8. Nf3 Bb7 9. e3 Nbd7 10. Bd3 Qe7 11. O-O g5 12. Bg3 O-O-O 13. a4 a5 14. Qe2 Ne4 15. Bxe4 Bxe4 16. Nd2 Bb7 17. e4 e5 18. f3 Rdf8 19. Rfb1 f5 20. exf5 Rxf5 21. Ne4 Ba6 22. Qc2 Rhf8 23. c5 dxc5 24. dxc5 Nxc5 25. Nxc5 Qxc5+ 26. Bf2 Qc6 27. Re1 g4 28. Re4 gxf3 29. g3 Bb7 30. Rae1 Qd6 31. Rg4 h5 32. Rg7 e4 33. c4 Qf6 34. Rh7 Qg6 35. Re7 h4 36. Qc3 hxg3 37. hxg3 Rg5 38. Qd2 Qf5 39. Rd1 Bc6 40. Be1 0-1

[Event "V Floripa Chess Open 2019"]
[Site "Florianopolis/SC"]
[Date "2019.01.24"]
[Round "5.64"]
[White "Felix, Raimundo Nascimento"]
[Black "Maia, Jose Eduardo Bastos"]
[Result "0-1"]
[WhiteElo "1859"]
[BlackElo "2087"]
[PlyCount "60"]
[EventDate "2019.01.21"]
[EventRounds "10"]
[EventCountry "BRA"]

1. e4 c5 2. Nc3 Nc6 3. Bb5 g6 4. f4 Bg7 5. Nf3 d6 6. Bxc6+ bxc6 7. O-O Bg4 8. h3 Bxf3 9. Qxf3 e6 10. f5 exf5 11. exf5 Bd4+ 12. Kh1 Ne7 13. f6 Nf5 14. Qxc6+ Kf8 15. Qf3 h5 16. Ne2 Bxf6 17. c3 Rb8 18. d4 cxd4 19. cxd4 Kg7 20. b3 h4 21. Bf4 Bg5 22. Bh2 Qe7 23. Rae1 Rhe8 24. Qc3 Rbc8 25. Qa1 Bd2 26. Qb2 Bxe1 27. Rxe1 Qe4 28. d5+ Kg8 29. Qf6 Rc2 30. Rf1 Rxe2 0-1

[Event "V Floripa Chess Open 2019"]
[Site "Florianopolis/SC"]
[Date "2019.01.24"]
[Round "5.65"]
[White "Felix Simoes, Rodrigo"]
[Black "Serafim Junior, Arnor"]
[Result "1/2-1/2"]
[WhiteElo "2083"]
[BlackElo "1857"]
[PlyCount "99"]
[EventDate "2019.01.21"]
[EventRounds "10"]
[EventCountry "BRA"]

1. d4 Nf6 2. Nc3 d6 3. e4 Nbd7 4. Nf3 e5 5. Bc4 Be7 6. a4 O-O 7. a5 a6 8. O-O h6 9. Re1 Re8 10. b3 Bf8 11. Bb2 g6 12. dxe5 dxe5 13. Qd2 c6 14. Na4 Qc7 15. Rad1 Bg7 16. Nh4 Nf8 17. Nb6 Rb8 18. Ba3 Be6 19. Bd6 Qd8 20. Bxb8 Qxb8 21. Nf3 Bg4 22. Qe3 Ne6 23. c3 Nd4 24. h3 Bh5 25. Kh2 g5 26. Nd7 Qc7 27. Nxf6+ Bxf6 28. g3 Ne6 29. b4 Qe7 30. Rd2 g4 31. Bxe6 gxf3 32. Qxh6 Bg5 33. Qxh5 Bxd2 34. Rd1 Bxc3 35. Bf5 Qf6 36. Qh7+ Kf8 37. Rd7 Bxb4 38. Qh5 Re7 39. Rd8+ Re8 40. Rd3 Bxa5 41. Rxf3 Qg7 42. Bd7 Re7 43. Qf5 Bd2 44. Rd3 Qg5 45. Qf3 Ba5 46. Qd1 Bb6 47. Kg2 Bd4 48. Bf5 c5 49. Qb3 Rc7 50. Qb6 1/2-1/2

[Event "V Floripa Chess Open 2019"]
[Site "Florianopolis/SC"]
[Date "2019.01.24"]
[Round "5.66"]
[White "Silva, Janderson Rossi Da"]
[Black "Manzi, Luiz Antonio Bardar"]
[Result "1-0"]
[WhiteElo "1850"]
[BlackElo "2077"]
[PlyCount "89"]
[EventDate "2019.01.21"]
[EventRounds "10"]
[EventCountry "BRA"]

1. e4 Nf6 2. e5 Nd5 3. d4 d6 4. Nf3 dxe5 5. Nxe5 c6 6. Be2 Nd7 7. O-O g6 8. c4 Nc7 9. f4 Bg7 10. Nc3 O-O 11. Be3 Nxe5 12. dxe5 Qxd1 13. Raxd1 Be6 14. Rd2 b6 15. Rfd1 Rac8 16. Ne4 h6 17. b3 Ne8 18. Bf3 f5 19. Nc3 g5 20. g3 Kf7 21. c5 g4 22. Bg2 b5 23. Ne2 Nc7 24. Bxc6 Na6 25. Bb7 Nxc5 26. Bxc8 Rxc8 27. Rc2 Ne4 28. Rxc8 Bxc8 29. Bxa7 Bb7 30. Rd7 Bc6 31. Rc7 Bd5 32. Nd4 b4 33. Nxf5 Bf8 34. Ne3 Ba8 35. Nxg4 Nc3 36. Bc5 Bf3 37. Ne3 Nxa2 38. Ra7 Nc1 39. Bxb4 Nxb3 40. Nf5 Ke6 41. Bxe7 Kxf5 42. Bxf8 h5 43. Ra3 Nd4 44. Bc5 Ne2+ 45. Kf2 1-0